| 000 | 00623nam a2200205Ia 4500 | ||
|---|---|---|---|
| 001 | 8983 | ||
| 003 | GE_BSU | ||
| 008 | 181216s||||||||xx |||||||||||||| ||und|| | ||
| 040 | _cGE_BSU | ||
| 080 | _a821.353.1–1 | ||
| 100 | _aკერესელიძე,ნუნუ | ||
| 245 | _aლექსები | ||
| 245 | _cრედ.ც.ქაროსანიძე.მხატვ.ო.ჯიშკარიანი,სპ.ცინცაძე. | ||
| 260 | _aთბილისი | ||
| 260 | _bმერანი | ||
| 260 | _c1972 | ||
| 300 | _a74გვ.16სმ. | ||
| 653 | _aლექსები | ||
| 942 | _cBK | ||
| 999 |
_c42288 _d42288 |
||